LEADER 01042nam a2200229 4500 001 000000367436 003 CaOOAMICUS 005 20260424113240.0 008 260424s1874 it 000 u lat r 040 $aSeMil$bita 100 1 $aBellini, Elia .$0(OLS)http://semarc/name/124231 245 10$aCronologiĉ biblicĉ rudimentum discipulis oblatum /$ca sac. obl. Elia Bellini in archiepiscopali Mediolanensi seminario institutore. 264 1$aMilano :$bTip. S. Giuseppe,$c1874. 300 $a18 p. ;$c33 cm 650 4$aBibbia - Cronologia.$0(OLS)http://semarc/subject/51567 850 $aSeMil 852 $aSeMil$W1$xVenegono$y1$m5D XI 28/39$j270886$B258132$CSeMilBibl$Z2$F258132 $8I 961 $aTimbro della Biblioteca del Seminario di Milano 961 $aRecupero da Biblioteca del Seminario di Milano 996 $6245$aCronologiĉ biblicĉ rudimentum discipulis oblatum$9(OLS)http://semarc/title/459366 996 $6264$aMilano :$bTip. S. Giuseppe$9(OLS)http://semarc/publisher/41131